Vista normal
Vista MARC
Entrada Personal Name
Número de registros utilizados en: 1
001 - CONTROL NUMBER
- control field: 13083
003 - CONTROL NUMBER IDENTIFIER
- control field: OSt
005 - DATE AND TIME OF LATEST TRANSACTION
- control field: 20210205175022.0
008 - FIXED-LENGTH DATA ELEMENTS
- fixed length control field: 210205|| aca||aabn | a|a d
040 ## - CATALOGING SOURCE
- Original cataloging agency: OSt
- Transcribing agency: OSt
100 ## - HEADING--PERSONAL NAME
- Personal name: López, Juan Carlos
670 ## - SOURCE DATA FOUND
- Source citation: Work cat.: (OSt)3799: García, Nidia, autora 13081, La educación financiera en América Latina y el Caribe : , ©2013